000 00507nam a2200157Ia 4500
008 160316s2000 xxu||||| |||| 00| 0 eng d
082 _a340.070000
_bNAY
100 _aNayak Nalini
245 _aIndigenising human rights curriculum in India: Source material for University Grants Commission Education in Human Rights
250 _a
260 _aBangalore
_bSingamma Sreenivasan Foundation
_c2000
300 _a33
_b
_c
365 _b
650 _a1. Human rights - curriculum - education
700 _a
_a
999 _c36897
_d36897